Catálogo
 En Linea

Incognito / (Registro nro. 34427)

Detalles MARC
000 -CABECERA
campo de control de longitud fija 00658nam a2200205 a 4500
001 - NÚMERO DE CONTROL
campo de control 000034936
005 - FECHA Y HORA DE LA ÚLTIMA TRANSACCIÓN
campo de control 20200930074010.0
008 - DATOS DE LONGITUD FIJA--INFORMACIÓN GENERAL
campo de control de longitud fija 111021s1962 xxk 000 0 spa d
040 ## - FUENTE DE LA CATALOGACIÓN
Centro catalogador/agencia de origen DO-SdBNP
Lengua de catalogación spa
Centro/agencia transcriptor BNPHU
082 ## - NÚMERO DE LA CLASIFICACIÓN DECIMAL DEWEY
Número de clasificación xxxx
Número de documento/Ítem D888i
049 ## - FONDOS LOCALES (OCLC)
Fondos de biblioteca BNGR
100 1# - ENTRADA PRINCIPAL--NOMBRE DE PERSONA
Nombre de persona Dumitriu, Petru
9 (RLIN) 60505
240 10 - TÍTULO UNIFORME
Título uniforme incognito
Lenguaje de la obra Español
245 10 - MENCIÓN DE TÍTULO
Título Incognito /
Mención de responsabilidad, etc. Petru Dumitriu ; traductor Norman Denny.
260 ## - PUBLICACIÓN, DISTRIBUCIÓN, ETC.
Lugar de publicación, distribución, etc. Great Britain :
Nombre del editor, distribuidor, etc. Collins Fount Paperbacks,
Fecha de publicación, distribución, etc. 1962.
300 ## - DESCRIPCIÓN FÍSICA
Extensión 477 p. ;
Dimensiones 18 cm.
500 ## - NOTA GENERAL
Nota general Traducido del francés.
590 ## - NOTA LOCAL (RLIN)
Nota local Perteneció a la biblioteca personal de Juan Isidro Jimenes Grullón.
700 12 - PUNTO DE ACCESO ADICIONAL--NOMBRE DE PERSONA
Nombre de persona Denny, Norman,
Término indicativo de función/relación tr.
9 (RLIN) 60506
Existencias
Estado de retiro Estado de pérdida Restricciones de uso No para préstamo Código de colección Localización permanente Ubicación/localización actual Ubicación en estantería Fecha de adquisición Número de inventario Total de préstamos Signatura topográfica completa Código de barras Fecha visto por última vez Precio válido a partir de Tipo de ítem Koha Nota pública
      Excluido de préstamo Monografías: Libros y Folletos General General En catalogación 21.10.2011 LF1   xxxx D888i 34936-10 25.06.2020 25.06.2020 No se presta Perteneció a la biblioteca personal de Juan Isidro Jimenes Grullón

Con tecnología Koha